[Event "2. Bundesliga Ost 2015/2016"]
[Site "Wien"]
[Date "2015.11.28"]
[Round "3"]
[Board "2"]
[White "Stohl, Igor"]
[Black "Brod, Manfred"]
[Result "1-0"]
[WhiteElo "2485"]
[BlackElo "2259"]
[PlyCount "65"]
[EventDate "2015.10.17"]
[EventType "team"]
[EventRounds "11"]
[EventCountry "AUT"]
[WhiteTeam "SK Purbach"]
[BlackTeam "ASVOE Mattersburg"]

1. d4 d5 2. Nf3 Nf6 3. c4 dxc4 4. e3 e6 5. Bxc4 c5 6. O-O a6 7. Bb3 Be7 8. Nc3
O-O 9. Qe2 cxd4 10. Rd1 Nc6 11. Nxd4 Nxd4 12. exd4 Qe8 13. Qf3 Qc6 14. d5 exd5
15. Nxd5 Nxd5 16. Bxd5 Qb6 17. b3 Qf6 18. Be3 Qxf3 19. Bxf3 Ba3 20. g4 a5 21.
Rd5 f5 22. g5 f4 23. Bc5 Bxc5 24. Rxc5 Ra6 25. Rac1 Be6 26. Bxb7 Rb6 27. Bf3 a4
28. Rc6 Rxc6 29. Rxc6 Kf7 30. bxa4 Rd8 31. a5 Bd5 32. Rc3 Kg6 33. Rd3 1-0

[Event "2. Bundesliga Ost 2015/2016"]
[Site "Wien"]
[Date "2015.11.28"]
[Round "3"]
[Board "3"]
[White "Wiedner, Robert"]
[Black "Kummer, Helmut"]
[Result "1-0"]
[WhiteElo "2197"]
[BlackElo "2295"]
[PlyCount "80"]
[EventDate "2015.10.17"]
[EventType "team"]
[EventRounds "11"]
[EventCountry "AUT"]
[WhiteTeam "ASVOE Mattersburg"]
[BlackTeam "SK Purbach"]

1. d4 Nf6 2. c4 g6 3. Nc3 Bg7 4. Bf4 d6 5. Qd2 O-O 6. Bh6 e5 7. Bxg7 Kxg7 8.
dxe5 dxe5 9. O-O-O Qxd2+ 10. Rxd2 Nc6 11. e3 Bf5 12. f3 Rad8 13. Nd5 e4 14.
Nxf6 Kxf6 15. Rxd8 Rxd8 16. Ne2 Ne5 17. Nd4 exf3 18. gxf3 c5 19. Nxf5 gxf5 20.
Be2 f4 21. exf4 Ng6 22. Rd1 Rxd1+ 23. Bxd1 Kf5 24. Bc2+ Kxf4 25. Be4 b6 26. Kd2
Ne5 27. Ke2 Nxc4 28. Bxh7 Nxb2 29. Bg8 f6 30. h4 b5 31. Bf7 c4 32. h5 Kg5 33.
f4+ Kh6 34. Ke3 c3 35. Bg6 b4 36. Kd4 a5 37. a3 a4 38. axb4 Nd1 39. Kd3 a3 40.
Bf7 Ne3 1-0

[Event "2. Bundesliga Ost 2015/2016"]
[Site "Wien"]
[Date "2015.11.28"]
[Round "3"]
[Board "4"]
[White "Wiedermann, Daniel"]
[Black "Strodl, Joachim"]
[Result "1-0"]
[WhiteElo "2135"]
[BlackElo "2120"]
[PlyCount "77"]
[EventDate "2015.10.17"]
[EventType "team"]
[EventRounds "11"]
[EventCountry "AUT"]
[WhiteTeam "SK Purbach"]
[BlackTeam "ASVOE Mattersburg"]

1. d4 g6 2. c4 Bg7 3. e4 d6 4. Nc3 e5 5. Nge2 exd4 6. Nxd4 Nc6 7. Be3 Nge7 8.
h4 h5 9. Qd2 O-O 10. O-O-O Nxd4 11. Bxd4 Bxd4 12. Qxd4 Nc6 13. Qe3 Be6 14. c5
Qe7 15. cxd6 cxd6 16. Qg3 Rfd8 17. Be2 Kh7 18. Kb1 Rac8 19. Qf4 Nb4 20. Rd4 d5
21. g4 Nc6 22. Rd2 hxg4 23. Nxd5 Bxd5 24. exd5 Ne5 25. h5 g5 26. Qe4+ Kh8 27.
Bxg4 Rc4 28. Rd4 Rxd4 29. Qxd4 f6 30. Bd1 Qd7 31. Bb3 Qf5+ 32. Bc2 Qf3 33. Rd1
b6 34. d6 Kg7 35. Be4 Qf4 36. h6+ Kh8 37. Qd5 b5 38. Qb7 Nd7 39. f3 1-0

[Event "2. Bundesliga Ost 2015/2016"]
[Site "Wien"]
[Date "2015.11.28"]
[Round "3"]
[Board "5"]
[White "Savio, Alfred Jun."]
[Black "Zimmermann, Heinz"]
[Result "1/2-1/2"]
[WhiteElo "2036"]
[BlackElo "2179"]
[PlyCount "47"]
[EventDate "2015.10.17"]
[EventType "team"]
[EventRounds "11"]
[EventCountry "AUT"]
[WhiteTeam "ASVOE Mattersburg"]
[BlackTeam "SK Purbach"]

1. c4 c5 2. Nc3 Nc6 3. g3 g6 4. Bg2 Bg7 5. Nf3 e5 6. O-O d6 7. d3 Nf6 8. e3 O-O
9. a3 a6 10. Qc2 Rb8 11. b3 h6 12. Bb2 Be6 13. Rfe1 Qd7 14. Rad1 b5 15. Nd2 Bg4
16. Rc1 Rfc8 17. Nde4 Be6 18. Nxf6+ Bxf6 19. Ne4 Bg7 20. Rcd1 Bg4 21. Rc1 Be6
22. Rcd1 Bg4 23. Rc1 Be6 24. Rcd1 1/2-1/2

[Event "2. Bundesliga Ost 2015/2016"]
[Site "Wien"]
[Date "2015.11.28"]
[Round "3"]
[Board "6"]
[White "Heiny, Michael"]
[Black "Braun, Karl-Heinz"]
[Result "0-1"]
[WhiteElo "2046"]
[BlackElo "2002"]
[PlyCount "82"]
[EventDate "2015.10.17"]
[EventType "team"]
[EventRounds "11"]
[EventCountry "AUT"]
[WhiteTeam "SK Purbach"]
[BlackTeam "ASVOE Mattersburg"]

1. d4 Nf6 2. c4 e6 3. Nf3 b6 4. g3 Bb7 5. Bg2 Bb4+ 6. Nbd2 O-O 7. O-O d5 8. a3
Be7 9. b3 c5 10. Bb2 Nbd7 11. Rc1 Rc8 12. Re1 dxc4 13. Nxc4 cxd4 14. Nxd4 Bxg2
15. Kxg2 Nc5 16. b4 Nb7 17. Nb5 Qe8 18. Nd4 Rc7 19. Ne5 Bd6 20. Ndc6 a5 21.
bxa5 bxa5 22. Nxa5 Rxc1 23. Qxc1 Nxa5 24. f3 Qa8 25. Qg5 h6 26. Qh4 Bxe5 27.
Bxe5 Nd7 28. Bf4 Qd8 29. Qh5 Nf6 30. Qe5 Nd5 31. Bc1 Qc7 32. Qh5 Qc3 33. Rd1
Nb3 34. Bf4 Ne3+ 35. Bxe3 Qxe3 36. Qb5 Nd4 37. Qd3 Qxd3 38. Rxd3 Nc2 39. Rc3
Nd4 40. Rd3 Nc6 41. Rd6 Rc8 0-1

[Event "2. Bundesliga Ost 2015/2016"]
[Site "Wien"]
[Date "2015.11.28"]
[Round "3"]
[Board "1"]
[White "Chytilek, Roman"]
[Black "Baumegger, Siegfried"]
[Result "0-1"]
[WhiteElo "2345"]
[BlackElo "2466"]
[PlyCount "46"]
[EventDate "2015.10.17"]
[EventType "team"]
[EventRounds "11"]
[EventCountry "AUT"]
[WhiteTeam "SV Stockerau"]
[BlackTeam "tschaturanga"]

1. d4 Nf6 2. Bg5 d5 3. Bxf6 exf6 4. e3 Bd6 5. g3 f5 6. Bg2 c6 7. Nd2 Be6 8. Ne2
Nd7 9. Rc1 Nf6 10. Nf4 O-O 11. O-O Qe7 12. b3 Rad8 13. c4 Bxf4 14. gxf4 Kh8 15.
c5 Rg8 16. Kh1 g5 17. fxg5 Rxg5 18. f4 Rh5 19. Qf3 Rg8 20. Rce1 Qf8 21. Kg1 Qh6
22. Rf2 Rxh2 23. Kf1 Ne4 0-1

[Event "2. Bundesliga Ost 2015/2016"]
[Site "Wien"]
[Date "2015.11.28"]
[Round "3"]
[Board "2"]
[White "Matt, Fabian"]
[Black "Groetz, Harald"]
[Result "1-0"]
[WhiteElo "2276"]
[BlackElo "2282"]
[PlyCount "81"]
[EventDate "2015.10.17"]
[EventType "team"]
[EventRounds "11"]
[EventCountry "AUT"]
[WhiteTeam "tschaturanga"]
[BlackTeam "SV Stockerau"]

1. Nf3 Nf6 2. c4 g6 3. b4 a5 4. b5 d5 5. e3 Bg7 6. Bb2 O-O 7. d4 c6 8. a4 Ne4
9. Nbd2 Bg4 10. Be2 Nxd2 11. Nxd2 Bxe2 12. Qxe2 c5 13. Nb3 cxd4 14. Nxd4 dxc4
15. Qxc4 Nd7 16. O-O Nb6 17. Qe2 Rc8 18. Rfd1 Qc7 19. Nb3 Bxb2 20. Qxb2 Nc4 21.
Qc3 Rfd8 22. h3 b6 23. Nd4 Rd5 24. Rac1 Qe5 25. Qb3 Nd6 26. Nc6 Rxd1+ 27. Rxd1
Qf6 28. Qd5 Kf8 29. e4 Qf4 30. e5 Ne4 31. Qd4 Qf5 32. Qxb6 Nc3 33. Re1 Nxa4 34.
Qxa5 Nc5 35. Qa3 Nd3 36. Qxe7+ Kg8 37. Qf6 Qxf6 38. exf6 Nxe1 39. Ne7+ Kf8 40.
Nxc8 Nd3 41. Nd6 1-0

[Event "2. Bundesliga Ost 2015/2016"]
[Site "Wien"]
[Date "2015.11.28"]
[Round "3"]
[Board "3"]
[White "Stanivukovic, Drago"]
[Black "Srienz, Christian"]
[Result "1/2-1/2"]
[WhiteElo "1928"]
[BlackElo "2219"]
[PlyCount "83"]
[EventDate "2015.10.17"]
[EventType "team"]
[EventRounds "11"]
[EventCountry "AUT"]
[WhiteTeam "SV Stockerau"]
[BlackTeam "tschaturanga"]

1. e4 c5 2. g3 d5 3. exd5 Qxd5 4. Qf3 Qe6+ 5. Qe3 Nc6 6. Bb5 Qxe3+ 7. dxe3 Bd7
8. Ne2 O-O-O 9. O-O a6 10. Bxc6 Bxc6 11. f3 f5 12. Nbc3 Nf6 13. Nf4 e5 14. Ne6
Re8 15. Nxf8 Rhxf8 16. b3 Rd8 17. a4 e4 18. f4 Nd5 19. Nxd5 Rxd5 20. Bb2 g6 21.
Rad1 Rfd8 22. Rxd5 Rxd5 23. Bc3 Kd7 24. Kf2 Ke6 25. Ke2 b5 26. Ra1 bxa4 27.
bxa4 Rd7 28. Ke1 Kd5 29. a5 Kc4 30. Bd2 Rb7 31. Kd1 h6 32. h4 Be8 33. Kc1 g5
34. hxg5 hxg5 35. fxg5 Rh7 36. Rb1 Bb5 37. Kb2 Rg7 38. Rh1 Rxg5 39. Be1 Rg6 40.
Rh5 Bd7 41. Rh7 Rd6 42. Kc1 1/2-1/2

[Event "2. Bundesliga Ost 2015/2016"]
[Site "Wien"]
[Date "2015.11.28"]
[Round "3"]
[Board "4"]
[White "Sadilek, Maximilian"]
[Black "Piringer, Florian"]
[Result "1/2-1/2"]
[WhiteElo "2227"]
[BlackElo "2118"]
[PlyCount "55"]
[EventDate "2015.10.17"]
[EventType "team"]
[EventRounds "11"]
[EventCountry "AUT"]
[WhiteTeam "tschaturanga"]
[BlackTeam "SV Stockerau"]

1. d4 Nf6 2. Nf3 g6 3. c4 Bg7 4. Nc3 d5 5. cxd5 Nxd5 6. Bd2 O-O 7. e4 Nxc3 8.
Bxc3 Nc6 9. d5 Bxc3+ 10. bxc3 Nb8 11. Qd2 Kg7 12. h4 h5 13. Qd4+ f6 14. Bd3 e5
15. Qe3 Qd6 16. O-O Nd7 17. Nd2 Qc5 18. Qe2 a6 19. Nb3 Qa7 20. Kh2 Nc5 21. f4
Bg4 22. Qd2 Nxb3 23. axb3 exf4 24. Rxf4 Qc5 25. Raf1 Qd6 26. Kh1 Qe5 27. c4 a5
28. Qc2 1/2-1/2

[Event "2. Bundesliga Ost 2015/2016"]
[Site "Wien"]
[Date "2015.11.28"]
[Round "3"]
[Board "5"]
[White "Pernerstorfer, Johannes"]
[Black "Leitner, Gerald"]
[Result "0-1"]
[WhiteElo "1997"]
[BlackElo "2216"]
[PlyCount "64"]
[EventDate "2015.10.17"]
[EventType "team"]
[EventRounds "11"]
[EventCountry "AUT"]
[WhiteTeam "SV Stockerau"]
[BlackTeam "tschaturanga"]

1. e4 e6 2. d4 d5 3. exd5 exd5 4. Bd3 Nc6 5. c3 Bd6 6. Nf3 Nge7 7. O-O Bg4 8.
Re1 Qd7 9. Nbd2 f6 10. Nf1 O-O-O 11. Ne3 Bh5 12. b4 g5 13. h3 Bg6 14. b5 Na5
15. Bf1 h5 16. Nd2 Kb8 17. Qa4 b6 18. Nb3 Nb7 19. c4 dxc4 20. Nxc4 Rhe8 21.
Nxd6 Nxd6 22. Nc5 bxc5 23. dxc5 Ndf5 24. Bc4 Nc8 25. Be3 Nxe3 26. fxe3 Be4 27.
Rad1 Qe7 28. c6 Qc5 29. Rd7 Nd6 30. Qa6 Rxd7 31. cxd7 Rd8 32. Be6 Qc2 0-1

[Event "2. Bundesliga Ost 2015/2016"]
[Site "Wien"]
[Date "2015.11.28"]
[Round "3"]
[Board "6"]
[White "Morgunov, Marc"]
[Black "Enkhjargal, Budjav"]
[Result "1-0"]
[WhiteElo "1886"]
[BlackElo "1981"]
[PlyCount "77"]
[EventDate "2015.10.17"]
[EventType "team"]
[EventRounds "11"]
[EventCountry "AUT"]
[WhiteTeam "tschaturanga"]
[BlackTeam "SV Stockerau"]

1. e4 e5 2. Nf3 Nc6 3. Bb5 a6 4. Ba4 d6 5. O-O Nf6 6. Re1 b5 7. Bb3 Na5 8. c3
Nxb3 9. axb3 Be7 10. d4 Nd7 11. c4 Bb7 12. d5 O-O 13. Nc3 b4 14. Ne2 c6 15. Ng3
cxd5 16. cxd5 g6 17. Bh6 Re8 18. Nd2 Nc5 19. Nc4 Kh8 20. Be3 Rc8 21. Bxc5 Rxc5
22. Ra4 Rb5 23. Re2 f5 24. exf5 Bxd5 25. fxg6 hxg6 26. Rxa6 Qc8 27. Nxd6 Qxa6
28. Nxb5 Qxb5 29. Rxe5 Bxb3 30. Qd4 Qc4 31. Rh5+ Kg8 32. Qh8+ Kf7 33. Rh7+ Ke6
34. Qxe8 Qc1+ 35. Nf1 Bc4 36. Rxe7+ Kd6 37. Rd7+ Kc5 38. Qe5+ Kb6 39. Rd6+ 1-0

[Event "2. Bundesliga Ost 2015/2016"]
[Site "Wien"]
[Date "2015.11.28"]
[Round "3"]
[Board "1"]
[White "Stanec, Nikolaus"]
[Black "Polak, Tomas"]
[Result "1/2-1/2"]
[WhiteElo "2457"]
[BlackElo "2525"]
[PlyCount "61"]
[EventDate "2015.10.17"]
[EventType "team"]
[EventRounds "11"]
[EventCountry "AUT"]
[WhiteTeam "SC Donaustadt"]
[BlackTeam "SK Hietzing"]

1. e4 c6 2. c4 d5 3. exd5 cxd5 4. cxd5 Nf6 5. Nc3 Nxd5 6. Nf3 Nc6 7. Bb5 e6 8.
O-O Be7 9. d4 O-O 10. Re1 Bd7 11. Nxd5 exd5 12. Bf4 Bf6 13. Qd2 Qb6 14. Bxc6
Bxc6 15. Bg5 Bxg5 16. Nxg5 h6 17. Nf3 Rfe8 18. Ne5 Re6 19. Nxc6 Rxe1+ 20. Rxe1
Qxc6 21. h3 Re8 22. Rxe8+ Qxe8 23. f3 Qb5 24. b3 f6 25. Qc3 Qd7 26. a4 b6 27.
Kf2 h5 28. h4 Kf7 29. Qc2 g6 30. Qc1 Kg7 31. Qc2 1/2-1/2

[Event "2. Bundesliga Ost 2015/2016"]
[Site "Wien"]
[Date "2015.11.28"]
[Round "3"]
[Board "2"]
[White "Vyskocil, Neklan"]
[Black "Pingitzer, Harald"]
[Result "1/2-1/2"]
[WhiteElo "2364"]
[BlackElo "2304"]
[PlyCount "151"]
[EventDate "2015.10.17"]
[EventType "team"]
[EventRounds "11"]
[EventCountry "AUT"]
[WhiteTeam "SK Hietzing"]
[BlackTeam "SC Donaustadt"]

1. d4 Nf6 2. c4 e6 3. Nf3 d5 4. g3 c5 5. cxd5 Nxd5 6. Bg2 Qa5+ 7. Nbd2 cxd4 8.
O-O Nc6 9. Nb3 Qb6 10. Nfxd4 Nxd4 11. Qxd4 Qxd4 12. Nxd4 Bd7 13. Rd1 Bc5 14.
Nf5 g6 15. e4 Ba4 16. b3 Nc3 17. Rd2 gxf5 18. Bb2 Bb4 19. Rc2 Bc6 20. exf5 Bxg2
21. Kxg2 O-O 22. Bxc3 Rfc8 23. Rac1 Ba3 24. Bb2 Rxc2 25. Rxc2 Bxb2 26. Rxb2
exf5 27. Kf3 Kg7 28. Rc2 Rd8 29. Ke3 Rd7 30. Rc4 Kg6 31. Rd4 Re7+ 32. Kd3 Re1
33. Kd2 Re7 34. a4 b6 35. b4 f6 36. b5 Rc7 37. h3 h6 38. Kd3 Rc1 39. Rc4 Ra1
40. Kd4 Ra2 41. Ke3 Ra3+ 42. Kf4 h5 43. Rd4 Rc3 44. h4 Rc5 45. f3 Re5 46. Rd7
a6 47. bxa6 Ra5 48. Rd4 Rxa6 49. Rb4 Ra5 50. Ke3 Re5+ 51. Kd4 Ra5 52. f4 Kf7
53. Kc4 Rc5+ 54. Kb3 Rc6 55. Rc4 Rd6 56. Kb4 Ke6 57. Kb5 Kd7 58. Ka6 Re6 59.
Kb7 Re4 60. Rc7+ Ke6 61. Kxb6 Rxa4 62. Rh7 Ra3 63. Rxh5 Rxg3 64. Rh8 Rg4 65.
Kc5 Rxf4 66. h5 Rh4 67. h6 f4 68. Kd4 Kf5 69. Kd3 Rh2 70. h7 f3 71. Ke3 f2 72.
Ke2 Kg6 73. Rf8 Kg7 74. h8=Q+ Rxh8 75. Rxh8 f1=Q+ 76. Kxf1 1/2-1/2

[Event "2. Bundesliga Ost 2015/2016"]
[Site "Wien"]
[Date "2015.11.28"]
[Round "3"]
[Board "3"]
[White "Petroczi, Thomas"]
[Black "Penz, Harald"]
[Result "1/2-1/2"]
[WhiteElo "2192"]
[BlackElo "2329"]
[PlyCount "52"]
[EventDate "2015.10.17"]
[EventType "team"]
[EventRounds "11"]
[EventCountry "AUT"]
[WhiteTeam "SC Donaustadt"]
[BlackTeam "SK Hietzing"]

1. e4 e5 2. Nf3 Nf6 3. Nxe5 d6 4. Nf3 Nxe4 5. d4 d5 6. Bd3 Nc6 7. c4 Bb4+ 8.
Nbd2 Bf5 9. Qc2 Nxd2 10. Bxd2 Bxd3 11. Qxd3 Bxd2+ 12. Kxd2 O-O 13. c5 Qf6 14.
Rhe1 Rfe8 15. Rxe8+ Rxe8 16. Re1 Rxe1 17. Kxe1 h6 18. h3 b6 19. cxb6 cxb6 20.
a3 g5 21. b4 Kg7 22. Ke2 b5 23. Qe3 Qf5 24. Qd3 Qf6 25. Qe3 Qg6 26. Qd3 Qf6
 1/2-1/2

[Event "2. Bundesliga Ost 2015/2016"]
[Site "Wien"]
[Date "2015.11.28"]
[Round "3"]
[Board "4"]
[White "Pisk, Petr"]
[Black "Schwab, Rene"]
[Result "1-0"]
[WhiteElo "2372"]
[BlackElo "2214"]
[PlyCount "65"]
[EventDate "2015.10.17"]
[EventType "team"]
[EventRounds "11"]
[EventCountry "AUT"]
[WhiteTeam "SK Hietzing"]
[BlackTeam "SC Donaustadt"]

1. d4 c6 2. Bf4 d5 3. e3 Qb6 4. Bd3 g6 5. Qc1 Bg7 6. Nf3 Bf5 7. O-O Nd7 8. a4
a5 9. Bxf5 gxf5 10. c4 dxc4 11. Na3 Ngf6 12. Nxc4 Qa7 13. Nh4 e6 14. Nd6+ Kf8
15. h3 Nd5 16. Bh2 Bf6 17. Nf3 h5 18. Re1 Nb4 19. Ra3 Be7 20. e4 fxe4 21. Rxe4
Nf6 22. Re1 Rd8 23. Nxf7 Kxf7 24. Ng5+ Ke8 25. Nxe6 Rxd4 26. Nxd4 Kd8 27. Rxe7
Kxe7 28. Qe3+ Kf7 29. Qe6+ Kg7 30. Rg3+ Ng4 31. Rxg4+ hxg4 32. Nf5+ Kh7 33.
Qf7# 1-0

[Event "2. Bundesliga Ost 2015/2016"]
[Site "Wien"]
[Date "2015.11.28"]
[Round "3"]
[Board "5"]
[White "Karlusch, Albrecht"]
[Black "Todor, Razvan"]
[Result "1/2-1/2"]
[WhiteElo "2119"]
[BlackElo "2153"]
[PlyCount "60"]
[EventDate "2015.10.17"]
[EventType "team"]
[EventRounds "11"]
[EventCountry "AUT"]
[WhiteTeam "SC Donaustadt"]
[BlackTeam "SK Hietzing"]

1. e4 e5 2. Nf3 Nf6 3. Nc3 Nc6 4. Bb5 Bb4 5. O-O O-O 6. d3 d6 7. h3 h6 8. a3
Ba5 9. b4 Bb6 10. Na4 Bd7 11. Nxb6 axb6 12. Bb2 Re8 13. Kh2 Nb8 14. Bc4 Be6 15.
Nd2 Nbd7 16. g3 d5 17. exd5 Nxd5 18. Bxd5 Bxd5 19. f4 exf4 20. Rxf4 Ne5 21. Qf1
Ng6 22. Rf2 Qd7 23. Re1 Rxe1 24. Qxe1 Re8 25. Re2 Rxe2+ 26. Qxe2 Be6 27. h4 Qd5
28. c4 Qf5 29. Qf1 Qg4 30. Nf3 Qh5 1/2-1/2

[Event "2. Bundesliga Ost 2015/2016"]
[Site "Wien"]
[Date "2015.11.28"]
[Round "3"]
[Board "6"]
[White "Prager, Manfred"]
[Black "Sekyra, Michael"]
[Result "0-1"]
[WhiteElo "2004"]
[BlackElo "2060"]
[PlyCount "142"]
[EventDate "2015.10.17"]
[EventType "team"]
[EventRounds "11"]
[EventCountry "AUT"]
[WhiteTeam "SK Hietzing"]
[BlackTeam "SC Donaustadt"]

1. e4 e5 2. Nf3 Nc6 3. d4 exd4 4. Nxd4 Bc5 5. Be3 Qf6 6. c3 Nge7 7. g3 d5 8.
Bg2 O-O 9. Nxc6 Qxc6 10. exd5 Qb6 11. Bxc5 Qxc5 12. O-O Rd8 13. Na3 Be6 14. c4
c6 15. Rc1 Qb4 16. Qe1 Qxe1 17. Rfxe1 cxd5 18. cxd5 Nxd5 19. Nb5 Nb4 20. Nc7
Nd3 21. Nxa8 Nxe1 22. Rxe1 Rxa8 23. a4 g6 24. Rc1 Rd8 25. Bxb7 Rd2 26. Bc8 Bd5
27. b4 Rd4 28. b5 Rxa4 29. Bd7 Rc4 30. Ra1 Rc7 31. Bc6 Bxc6 32. bxc6 Kf8 33.
Kg2 Ke7 34. Kf3 Kd6 35. Ra6 Kc5 36. Kf4 Kb5 37. Ra2 a5 38. Ke5 Rxc6 39. Rb2+
Kc5 40. Rc2+ Kb6 41. Rb2+ Kc7 42. Ra2 Ra6 43. Kd5 a4 44. Kc5 a3 45. Kb5 Ra7 46.
Kc5 Kd7 47. Kd5 Ke7 48. Ke5 Ra5+ 49. Ke4 Ke6 50. h3 Ra4+ 51. Ke3 Ke5 52. f3 g5
53. Kd3 h5 54. Re2+ Kf5 55. Ra2 h4 56. gxh4 gxh4 57. Ke3 Ra7 58. Ke2 Kf4 59.
Kf2 Ra4 60. Ke2 Kg3 61. Ke3 Ra8 62. f4 Ra4 63. f5 f6 64. Ke2 Kf4 65. Kf2 Kxf5
66. Kf3 Ra8 67. Ke3 Ke5 68. Kf3 Ra7 69. Ke3 Ra4 70. Kf3 Kd5 71. Ke3 Kc4 0-1

[Event "2. Bundesliga Ost 2015/2016"]
[Site "Wien"]
[Date "2015.11.29"]
[Round "4"]
[Board "1"]
[White "Sharashenidze, Akaki"]
[Black "Polak, Tomas"]
[Result "0-1"]
[WhiteElo "2321"]
[BlackElo "2525"]
[PlyCount "56"]
[EventDate "2015.10.17"]
[EventType "team"]
[EventRounds "11"]
[EventCountry "AUT"]
[WhiteTeam "SK Advisory Invest Baden"]
[BlackTeam "SK Hietzing"]

1. e4 c5 2. Nf3 Nc6 3. Bb5 d6 4. O-O Bd7 5. Re1 Nf6 6. c3 a6 7. Ba4 b5 8. Bc2
Bg4 9. h3 Bh5 10. d3 e6 11. Nbd2 Be7 12. Nf1 Rc8 13. Ng3 Bg6 14. Nh4 d5 15.
Nxg6 hxg6 16. Bg5 d4 17. a4 dxc3 18. bxc3 b4 19. f4 bxc3 20. Ne2 c4 21. Bxf6
gxf6 22. dxc4 Qd2 23. a5 O-O 24. Ba4 Nb4 25. f5 Rfd8 26. Nxc3 Qxc3 27. Qg4 Qd4+
28. Kh1 Nd3 0-1

[Event "2. Bundesliga Ost 2015/2016"]
[Site "Wien"]
[Date "2015.11.29"]
[Round "4"]
[Board "2"]
[White "Vyskocil, Neklan"]
[Black "Fieberg, Samuel"]
[Result "1-0"]
[WhiteElo "2364"]
[BlackElo "2153"]
[PlyCount "65"]
[EventDate "2015.10.17"]
[EventType "team"]
[EventRounds "11"]
[EventCountry "AUT"]
[WhiteTeam "SK Hietzing"]
[BlackTeam "SK Advisory Invest Baden"]

1. e4 c5 2. Nf3 Nc6 3. Bb5 d6 4. d4 cxd4 5. Qxd4 Bd7 6. Bxc6 Bxc6 7. Nc3 h6 8.
Be3 e5 9. Qd3 Nf6 10. O-O-O a6 11. g3 Qc7 12. Nh4 O-O-O 13. Rhe1 g6 14. f4 Bg7
15. Nf3 Rhe8 16. Kb1 b5 17. Nd2 d5 18. exd5 Nxd5 19. Nxd5 Bxd5 20. Qf1 e4 21.
Rc1 Re6 22. c4 bxc4 23. Nxc4 Rc6 24. Nb6+ Kb7 25. Red1 Rc2 26. Rxc2 Bxa2+ 27.
Kc1 Qe7 28. Rxd8 Qxd8 29. Na4 Qa5 30. Nc5+ Kb8 31. Nxa6+ Ka8 32. Rc8+ Kb7 33.
Rc7+ 1-0

[Event "2. Bundesliga Ost 2015/2016"]
[Site "Wien"]
[Date "2015.11.29"]
[Round "4"]
[Board "3"]
[White "Juenger, Heinz"]
[Black "Penz, Harald"]
[Result "0-1"]
[WhiteElo "2123"]
[BlackElo "2329"]
[PlyCount "84"]
[EventDate "2015.10.17"]
[EventType "team"]
[EventRounds "11"]
[EventCountry "AUT"]
[WhiteTeam "SK Advisory Invest Baden"]
[BlackTeam "SK Hietzing"]

1. e4 e5 2. Nf3 Nf6 3. Nxe5 d6 4. Nf3 Nxe4 5. d4 d5 6. Bd3 Nc6 7. O-O Be7 8.
Nc3 Nxc3 9. bxc3 O-O 10. Re1 Be6 11. Rb1 b6 12. Bf4 Na5 13. Ne5 Bf6 14. Qh5 g6
15. Qf3 Bg5 16. Qe3 Bxf4 17. Qxf4 Kg7 18. Re3 Qd6 19. Rb4 Nc6 20. Rb3 Rad8 21.
Qh4 Qe7 22. Qxe7 Nxe7 23. Ra3 a5 24. Rb3 Nf5 25. Bxf5 Bxf5 26. Nd3 Rfe8 27. Kf1
Rxe3 28. fxe3 Rd6 29. Ke1 Be4 30. g3 g5 31. Kf2 Rf6+ 32. Kg1 Rc6 33. a4 Re6 34.
Kf2 Rf6+ 35. Kg1 Rf3 36. Ne1 Rf6 37. Nd3 Bf5 38. Rb5 Rd6 39. Rb3 Bd7 40. Ra3
Be8 41. c4 dxc4 42. Ne5 f6 0-1

[Event "2. Bundesliga Ost 2015/2016"]
[Site "Wien"]
[Date "2015.11.29"]
[Round "4"]
[Board "4"]
[White "Kujovic, Michal"]
[Black "Dzierzenga, Stefan"]
[Result "0-1"]
[WhiteElo "2325"]
[BlackElo "2186"]
[PlyCount "52"]
[EventDate "2015.10.17"]
[EventType "team"]
[EventRounds "11"]
[EventCountry "AUT"]
[WhiteTeam "SK Hietzing"]
[BlackTeam "SK Advisory Invest Baden"]

1. e4 e6 2. d3 d5 3. Nd2 c5 4. g3 Nc6 5. Bg2 Nge7 6. Ne2 g6 7. exd5 exd5 8. d4
cxd4 9. Nb3 Bg7 10. Nexd4 Nxd4 11. Nxd4 O-O 12. O-O Nf5 13. Nb3 d4 14. Bf4 Qb6
15. Qf3 a5 16. Rab1 a4 17. Nc1 Ra5 18. Nd3 Rb5 19. b3 Be6 20. Qd1 axb3 21. cxb3
Ra8 22. Rb2 Ne7 23. Qd2 Nd5 24. Bh6 Ne3 25. Bxg7 Nxf1 26. Qh6 Rh5 0-1

[Event "2. Bundesliga Ost 2015/2016"]
[Site "Wien"]
[Date "2015.11.29"]
[Round "4"]
[Board "5"]
[White "Zojer, Stefan"]
[Black "Todor, Razvan"]
[Result "0-1"]
[WhiteElo "2109"]
[BlackElo "2153"]
[PlyCount "80"]
[EventDate "2015.10.17"]
[EventType "team"]
[EventRounds "11"]
[EventCountry "AUT"]
[WhiteTeam "SK Advisory Invest Baden"]
[BlackTeam "SK Hietzing"]

1. e4 e5 2. Nf3 Nf6 3. Nxe5 d6 4. Nf3 Nxe4 5. Nc3 Nxc3 6. dxc3 Nc6 7. h3 Be7 8.
Bf4 Be6 9. Bd3 h6 10. Qe2 Qd7 11. O-O-O a6 12. Kb1 g5 13. Be3 Bf6 14. Rhe1 Kf8
15. Nd2 Re8 16. Ne4 Bg7 17. g4 Ne5 18. f3 Qc6 19. h4 gxh4 20. Rh1 Bd5 21. Rdf1
b5 22. Rxh4 Nc4 23. Bd4 Qd7 24. Qh2 Qe6 25. g5 h5 26. Rxh5 Rxh5 27. Qxh5 Nd2+
28. Kc1 Nxf1 29. Bxf1 Bxe4 30. fxe4 Bxd4 31. cxd4 Qxe4 32. Qh8+ Ke7 33. Qf6+
Kd7 34. Qxf7+ Kc8 35. Bh3+ Kb8 36. c3 Qh1+ 37. Kd2 Qe1+ 38. Kc2 Re2+ 39. Kb3
Qd1+ 40. Ka3 Qa4# 0-1

[Event "2. Bundesliga Ost 2015/2016"]
[Site "Wien"]
[Date "2015.11.29"]
[Round "4"]
[Board "6"]
[White "Prager, Manfred"]
[Black "Hofegger, Jakob"]
[Result "1-0"]
[WhiteElo "2004"]
[BlackElo "1990"]
[PlyCount "61"]
[EventDate "2015.10.17"]
[EventType "team"]
[EventRounds "11"]
[EventCountry "AUT"]
[WhiteTeam "SK Hietzing"]
[BlackTeam "SK Advisory Invest Baden"]

1. e4 e6 2. d4 d5 3. exd5 exd5 4. Bd3 Nf6 5. h3 Be7 6. Qf3 O-O 7. Ne2 b6 8. O-O
Bb7 9. Ng3 Re8 10. c3 Nbd7 11. Nf5 Bf8 12. Bg5 Rc8 13. Nd2 c5 14. Rfe1 Rxe1+
15. Rxe1 cxd4 16. cxd4 a6 17. Qe2 a5 18. Nf3 Bb4 19. Rd1 Qe8 20. Ne5 Ne4 21.
Bf4 Nf8 22. a3 Be7 23. Ba6 Bxa6 24. Qxa6 Rc2 25. Nd3 Ne6 26. Ne3 Re2 27. Nxd5
Nxd4 28. Nxe7+ Qxe7 29. Be3 Nf5 30. Qa8+ Qf8 31. Qxe4 1-0

[Event "2. Bundesliga Ost 2015/2016"]
[Site "Wien"]
[Date "2015.11.29"]
[Round "4"]
[Board "1"]
[White "Baumegger, Siegfried"]
[Black "Stanec, Nikolaus"]
[Result "1-0"]
[WhiteElo "2466"]
[BlackElo "2457"]
[PlyCount "87"]
[EventDate "2015.10.17"]
[EventType "team"]
[EventRounds "11"]
[EventCountry "AUT"]
[WhiteTeam "tschaturanga"]
[BlackTeam "SC Donaustadt"]

1. d4 d5 2. c4 e6 3. Nc3 Nf6 4. Nf3 Nbd7 5. e3 Be7 6. b3 O-O 7. Bd3 b6 8. O-O
Bb7 9. Bb2 Ne4 10. Qc2 Ndf6 11. Rfd1 a6 12. Rac1 Nxc3 13. Qxc3 c6 14. c5 Nd7
15. b4 b5 16. a4 f5 17. Ra1 Qc7 18. h3 Kh8 19. Ra3 Bf6 20. Rda1 g5 21. Ne5 Nxe5
22. dxe5 Bg7 23. f4 Rab8 24. axb5 axb5 25. Qd4 Bh6 26. Bc3 Rg8 27. Be1 Rg7 28.
Kh2 Rbg8 29. g3 Rf7 30. R1a2 Bf8 31. Be2 Be7 32. Bd1 Qd8 33. Rg2 Qf8 34. Bh5
Rfg7 35. g4 Bd8 36. Raa2 Rc7 37. Raf2 Qh6 38. Qd1 Rcg7 39. gxf5 g4 40. Bxg4
exf5 41. Bxf5 Bh4 42. Rd2 d4 43. Rxg7 Rxg7 44. Rxd4 1-0